နိဗ္ဗာနသစ္ဆိကရဏီယကျမ်း / (Record no. 19101)

000 -LEADER
fixed length control field 00900nam a2200217Ia 4500
003 - CONTROL NUMBER IDENTIFIER
control field OSt
005 - DATE AND TIME OF LATEST TRANSACTION
control field 20241120095219.0
007 - PHYSICAL DESCRIPTION FIXED FIELD--GENERAL INFORMATION
fixed length control field ca aa aaaaa
008 - FIXED-LENGTH DATA ELEMENTS--GENERAL INFORMATION
fixed length control field 201103s9999 xx 000 0 und d
040 ## - CATALOGING SOURCE
Transcribing agency SSBUL
041 ## - LANGUAGE CODE
Language code of text/sound track or separate title bur
082 ## - DEWEY DECIMAL CLASSIFICATION NUMBER
Classification number ၂၉၄.၃၈၂၄၁ ရေ
Edition number 23
Item number ၉၂၀၂ S-SAT
100 ## - MAIN ENTRY--PERSONAL NAME
Personal name ရေဝတထေရ်၊ ဘဒ္ဒန္တ
9 (RLIN) 55066
245 10 - TITLE STATEMENT
Title နိဗ္ဗာနသစ္ဆိကရဏီယကျမ်း /
Statement of responsibility, etc. သစ္စဒီပကဆရာတော် ဘဒ္ဒန္တရေဝတ။
250 ## - EDITION STATEMENT
Edition statement စတုထ္ထကြိမ်
260 ## - PUBLICATION, DISTRIBUTION, ETC.
Place of publication, distribution, etc. ရန်ကုန် ၊
Name of publisher, distributor, etc. သာသနာရေးဦးစီးဌာန ၊
Date of publication, distribution, etc. ၁၉၈၀။
300 ## - PHYSICAL DESCRIPTION
Extent ၂၈၁ စာမျက်နှာ၊
Dimensions ၂၁ စင်တီ။
500 ## - GENERAL NOTE
General note S-SAT: Dr.Sai Aung Tun Collection
650 ## - SUBJECT ADDED ENTRY--TOPICAL TERM
Topical term or geographic name entry element အဘိဓမ္မာ
942 ## - ADDED ENTRY ELEMENTS (KOHA)
Koha item type Book (Short term)
Source of classification or shelving scheme
Holdings
Withdrawn status Lost status Source of classification or shelving scheme Damaged status Not for loan Collection code Permanent Location Current Location Shelving location Date acquired Total Checkouts Full call number Barcode Date last seen Price effective from Koha item type Accession
          Special Collections Shan State Buddhist University Library Shan State Buddhist University Library Special Collection Shelves 20/11/2024   ၂၉၄.၃၈၂၄၁ ရေ ၉၂၀၂ S-SAT MB00009209 20/11/2024 20/11/2024 Book (Short term) ၉၂၀၂ S-SAT

Library - 09407999929
Admin Office - 09407999979
Dean Office - 09250910768
Registrar Office - 09892297154
Email - [email protected]
Shan State Buddhist University, Phaya Phyu Taunggyi, Shan State, Myanmar.